[Event "North Wales Open"]
[Site "Llandudno"]
[Date "2017.07.01"]
[Round "3.5"]
[White "Crocker, Philip J"]
[Black "Carroll, Thomas"]
[Result "1-0"]
[WhiteElo "2068"]
[BlackElo "1769"]
[PlyCount "137"]
[EventDate "2017.06.30"]
[EventType "swiss"]
[EventRounds "5"]
[EventCountry "WLS"]
[SourceDate "2017.07.09"]

1. c4 Nf6 2. g3 c6 3. Bg2 d5 4. Nf3 Bf5 5. O-O e6 6. b3 Be7 7. Bb2 O-O 8. d3 h6
9. Nbd2 Nbd7 10. a3 a5 11. Ra2 Re8 12. Qa1 Nc5 13. Bc3 Bh7 14. Rb1 b5 15. Ne5
Qb6 16. Bd4 Qb7 17. Rc2 Rec8 18. cxd5 cxd5 19. Rbc1 Ncd7 20. Nc6 Bd8 21. Nf3
Ne8 22. Qc3 Kf8 23. h4 Bb6 24. Qb2 Rc7 25. Nfe5 f6 26. Nxd7+ Rxd7 27. Bh3 Kf7
28. Bxb6 Qxb6 29. Nd4 Bf5 30. Rc6 Qb8 31. Nxf5 exf5 32. Bxf5 Re7 33. Qd4 Qe5
34. Qxe5 Rxe5 35. Bg4 b4 36. a4 Ra7 37. e3 Ree7 38. d4 g6 39. Bf3 Red7 40. Kf1
Ke7 41. Ke2 Nc7 42. Kd3 Ne6 43. Bg4 f5 44. Bf3 h5 45. Kd2 Rd8 46. Be2 Rdd7 47.
Bd3 Rdc7 48. Rxc7+ Rxc7 49. Rxc7+ Nxc7 50. Be2 Ne8 51. Bd3 Nf6 52. Ke2 Ke6 53.
f3 Kf7 54. Bb5 Ke7 55. Kd3 Kd6 56. Ke2 Ke7 57. Kf2 Ke6 58. Kg2 Ke7 59. Kh3 Ke6
60. Bd3 Kf7 61. Be2 Ke6 62. g4 hxg4+ 63. fxg4 Ne4 64. gxf5+ Kxf5 65. Bd3 g5 66.
hxg5 Kxg5 67. Bxe4 dxe4 68. Kg3 Kf5 69. Kh4 1-0

[Event "North Wales Open"]
[Site "Llandudno"]
[Date "2017.07.01"]
[Round "3.6"]
[White "Camp, Imogen A L"]
[Black "Robinson, John K"]
[Result "1-0"]
[WhiteElo "1802"]
[BlackElo "2011"]
[PlyCount "43"]
[EventDate "2017.06.30"]
[EventType "swiss"]
[EventRounds "5"]
[EventCountry "WLS"]
[SourceDate "2017.07.09"]

1. d4 Nf6 2. Nf3 e6 3. Bf4 c5 4. c3 Nc6 5. e3 d5 6. Bd3 Bd6 7. Bg3 O-O 8. Nbd2
b6 9. O-O Bxg3 10. hxg3 Qc7 11. e4 dxe4 12. Nxe4 Nxe4 13. Bxe4 f5 14. Bxc6 Qxc6
15. Qb3 Bb7 16. Rfe1 Rae8 17. Re5 cxd4 18. cxd4 g6 19. Rae1 Bc8 20. Ng5 Bb7 21.
f3 Bc8 22. Nxe6 1-0

[Event "North Wales Open"]
[Site "Llandudno"]
[Date "2017.07.01"]
[Round "3.7"]
[White "Taylor, Robert Graham"]
[Black "Ridge, Michael"]
[Result "1-0"]
[WhiteElo "1944"]
[BlackElo "1872"]
[PlyCount "85"]
[EventDate "2017.06.30"]
[EventType "swiss"]
[EventRounds "5"]
[EventCountry "WLS"]
[SourceDate "2017.07.09"]

1. e4 c5 2. d4 cxd4 3. c3 g6 4. cxd4 d5 5. e5 Bg7 6. Bd3 Nc6 7. Ne2 f6 8. f4
Bg4 9. Nbc3 e6 10. Be3 Nh6 11. h3 Nf5 12. Bf2 Bxe2 13. Nxe2 Qa5+ 14. Kf1 fxe5
15. Bxf5 gxf5 16. fxe5 Qb4 17. Nf4 Qe7 18. Qh5+ Kf8 19. g4 Qf7 20. Qxf7+ Kxf7
21. gxf5 exf5 22. Rd1 Ne7 23. Bh4 Ng6 24. Bg3 Nxf4 25. Bxf4 Ke6 26. Rg1 Rhg8
27. Rc1 Kd7 28. Rc5 Bh8 29. Rxd5+ Kc6 30. Rc5+ Kb6 31. Rc3 Rxg1+ 32. Kxg1 Rd8
33. Kg2 Rd5 34. Be3 a6 35. Kf3 Bg7 36. Rc8 h6 37. Kf4 Rb5 38. d5+ Ka5 39. Rc5
Kb4 40. Rxb5+ axb5 41. Kxf5 Kc4 42. d6 Kd5 43. d7 1-0

[Event "North Wales Open"]
[Site "Llandudno"]
[Date "2017.07.01"]
[Round "3.9"]
[White "Livesey, R Nigel"]
[Black "Schulte, Felix"]
[Result "0-1"]
[WhiteElo "1814"]
[BlackElo "2002"]
[PlyCount "119"]
[EventDate "2017.06.30"]
[EventType "swiss"]
[EventRounds "5"]
[EventCountry "WLS"]
[SourceDate "2017.07.09"]

1. c4 Nf6 2. g3 c5 3. Nc3 d5 4. cxd5 Nxd5 5. Bg2 Nc7 6. Nf3 Nc6 7. O-O e5 8. b3
Be7 9. Bb2 O-O 10. Ne1 Bd7 11. Nd3 f6 12. f4 exf4 13. Nxf4 Rb8 14. e3 b6 15.
Ncd5 Bd6 16. Nxc7 Bxc7 17. Bd5+ Kh8 18. Qh5 Be8 19. Qf5 Ne7 20. Ne6 Nxf5 21.
Nxd8 Rxd8 22. Rxf5 Bg6 23. Raf1 Bxf5 24. Rxf5 Rd6 25. e4 g6 26. Rf3 Kg7 27. d3
b5 28. g4 h6 29. h4 Rdd8 30. Kg2 Be5 31. Ba3 Bd4 32. Bc1 a6 33. h5 gxh5 34.
gxh5 f5 35. Rg3+ Kh7 36. Rg6 Rf6 37. Rg3 Be5 38. Rf3 Rd7 39. Bf4 Rg7+ 40. Kh3
Bxf4 41. Rxf4 Rg5 42. Rxf5 Rfxf5 43. exf5 b4 44. Kh4 Kg7 45. Be6 Kf6 46. Bc8 a5
47. Bd7 Rg2 48. Be6 Rd2 49. Bc4 Kxf5 50. Kg3 Rxa2 51. Kf3 Rh2 52. Bf7 Ke5 53.
Ke3 Rh3+ 54. Kd2 Kd4 55. Bg6 Rh2+ 56. Kc1 Kc3 57. Be4 Kxb3 58. Bd5+ Kc3 59. Bc4
b3 60. Kb1 0-1

[Event "North Wales Open"]
[Site "Llandudno"]
[Date "2017.07.01"]
[Round "3.10"]
[White "Rahulan, Thivyaa"]
[Black "Mcdonagh, Michael"]
[Result "1-0"]
[WhiteElo "1623"]
[BlackElo "1910"]
[PlyCount "41"]
[EventDate "2017.06.30"]
[EventType "swiss"]
[EventRounds "5"]
[EventCountry "WLS"]
[SourceDate "2017.07.09"]

1. e4 e6 2. d4 d5 3. e5 c5 4. c3 Nc6 5. Nf3 Bd7 6. a3 Rc8 7. Be3 Qb6 8. b4 cxb4
9. cxb4 Nge7 10. Bd3 Nf5 11. O-O Be7 12. Qd2 O-O 13. g4 Nh4 14. Nxh4 Bxh4 15.
f4 f6 16. exf6 Bxf6 17. g5 Be7 18. Qg2 e5 19. Qxd5+ Kh8 20. Qxd7 exf4 21. Qh3
1-0

[Event "North Wales Open"]
[Site "Llandudno"]
[Date "2017.07.01"]
[Round "3.11"]
[White "Waterfield, John W"]
[Black "Best, Matthew"]
[Result "1-0"]
[WhiteElo "1967"]
[BlackElo "1900"]
[PlyCount "91"]
[EventDate "2017.06.30"]
[EventType "swiss"]
[EventRounds "5"]
[EventCountry "WLS"]
[SourceDate "2017.07.09"]

1. e4 e6 2. d4 d5 3. Nd2 Nf6 4. Bd3 c5 5. c3 Nc6 6. Ngf3 dxe4 7. Nxe4 cxd4 8.
cxd4 Bb4+ 9. Nc3 O-O 10. O-O b6 11. Bg5 Bb7 12. Bb1 Ne7 13. Qd3 Ng6 14. a3 Bxc3
15. bxc3 Qc8 16. Re1 Ba6 17. Qc2 Nd5 18. Rc1 Qc7 19. Ne5 Rac8 20. c4 Nde7 21.
h4 Nf5 22. Qe4 Bb7 23. Qg4 Nxe5 24. dxe5 Qxe5 25. Ra2 Rc5 26. Re2 Qd6 27. Bf6
g6 28. Bc3 a5 29. h5 Nh6 30. Qd4 Qxd4 31. Bxd4 Rxh5 32. Bxb6 Rg5 33. f4 Rg4 34.
Be4 Bxe4 35. Rxe4 Ra8 36. c5 Nf5 37. c6 Ne7 38. Rd4 Nd5 39. c7 Rc8 40. Rxd5
exd5 41. Rd1 Rxf4 42. Rxd5 Rf8 43. Bc5 Rc4 44. Bxf8 Rxc7 45. Rd8 Rc1+ 46. Kh2
1-0

[Event "North Wales Open"]
[Site "Llandudno"]
[Date "2017.07.02"]
[Round "4.1"]
[White "Paterson, Andrew I"]
[Black "Dineley, Richard"]
[Result "0-1"]
[WhiteElo "2077"]
[BlackElo "2269"]
[PlyCount "56"]
[EventDate "2017.06.30"]
[EventType "swiss"]
[EventRounds "5"]
[EventCountry "WLS"]
[SourceDate "2017.07.09"]

1. c4 c5 2. Nc3 Nc6 3. g3 g6 4. Bg2 Bg7 5. d3 a6 6. Nf3 Rb8 7. a4 d6 8. O-O Nf6
9. e4 O-O 10. h3 Ne8 11. Be3 Nd4 12. Bxd4 cxd4 13. Ne2 e5 14. a5 b6 15. axb6
Qxb6 16. Ra2 Nc7 17. Qa1 Ne6 18. Qb1 Nc5 19. Rd1 a5 20. Qc2 a4 21. Nd2 Bd7 22.
Rb1 Qc7 23. Ra3 Rb4 24. Nc1 Bh6 25. Kh2 Rfb8 26. Na2 R4b6 27. b4 axb3 28. Nxb3
Ba4 0-1

[Event "North Wales Open"]
[Site "Llandudno"]
[Date "2017.07.02"]
[Round "4.2"]
[White "Blackburn, Jonathan L B"]
[Black "Jackson, Oliver A"]
[Result "0-1"]
[WhiteElo "2200"]
[BlackElo "2169"]
[PlyCount "78"]
[EventDate "2017.06.30"]
[EventType "swiss"]
[EventRounds "5"]
[EventCountry "WLS"]
[SourceDate "2017.07.09"]

1. Nf3 d6 2. d4 Bg4 3. e4 Nf6 4. h3 Bh5 5. Bd3 Nc6 6. c3 e6 7. Bg5 Be7 8. Qe2
O-O 9. Nbd2 Re8 10. g4 Bg6 11. Nh4 Nd7 12. Bxe7 Nxe7 13. Qf3 c5 14. dxc5 Ne5
15. Qg3 Nxd3+ 16. Qxd3 dxc5 17. Qxd8 Raxd8 18. O-O-O b5 19. f4 f6 20. Rhf1 c4
21. Nhf3 Nc6 22. Nh4 Bf7 23. Ndf3 e5 24. f5 Na5 25. Rxd8 Rxd8 26. Rd1 Rxd1+ 27.
Kxd1 Nb7 28. Kd2 Nc5 29. Ke3 Na4 30. Ne1 Nxb2 31. Kd2 Na4 32. Nhf3 a5 33. a3
Be8 34. Nd4 exd4 35. cxd4 Bc6 36. d5 Bd7 37. Ke3 b4 38. axb4 axb4 39. Kd4 b3
0-1

[Event "North Wales Open"]
[Site "Llandudno"]
[Date "2017.07.02"]
[Round "4.3"]
[White "Surtees, Mike J"]
[Black "Crocker, Philip J"]
[Result "1-0"]
[WhiteElo "2084"]
[BlackElo "2068"]
[PlyCount "59"]
[EventDate "2017.06.30"]
[EventType "swiss"]
[EventRounds "5"]
[EventCountry "WLS"]
[SourceDate "2017.07.09"]

1. e4 Nf6 2. d3 e5 3. f4 Nc6 4. fxe5 Nxe5 5. Nf3 Nxf3+ 6. Qxf3 d5 7. e5 Ng4 8.
d4 Qh4+ 9. g3 Nxh2 10. Qd3 Qh5 11. Be2 Qh3 12. Bf1 Qh5 13. Nd2 Bg4 14. Bg2
O-O-O 15. Nf1 Bf5 16. Qc3 Qg6 17. Rxh2 f6 18. Bf4 Bxc2 19. Rc1 fxe5 20. Bh3+
Kb8 21. Rhxc2 Bb4 22. Qxb4 exf4 23. Rxc7 Rhe8+ 24. Kd2 Qa6 25. Bg4 fxg3 26. Ne3
g2 27. Be2 g1=Q 28. Rxg1 Qxe2+ 29. Kxe2 Kxc7 30. Rxg7+ 1-0

[Event "North Wales Open"]
[Site "Llandudno"]
[Date "2017.07.02"]
[Round "4.4"]
[White "Hunt, Malcolm A"]
[Black "Camp, Imogen A L"]
[Result "1-0"]
[WhiteElo "2040"]
[BlackElo "1802"]
[PlyCount "82"]
[EventDate "2017.06.30"]
[EventType "swiss"]
[EventRounds "5"]
[EventCountry "WLS"]
[SourceDate "2017.07.09"]

1. d4 d5 2. Bf4 Nf6 3. e3 c5 4. c3 Qb6 5. Qb3 c4 6. Qc2 g6 7. Nd2 Bf5 8. Qc1
Bg7 9. b3 cxb3 10. axb3 Nc6 11. Ngf3 O-O 12. Be2 Rac8 13. Qa3 Ne4 14. Nxe4 Bxe4
15. O-O Rfe8 16. Rfc1 a6 17. h3 f6 18. Nd2 Bf5 19. Bf3 Red8 20. Be2 e5 21. Bg3
Re8 22. Bf3 Red8 23. Be2 Re8 24. Bf1 Na7 25. Nf3 Nb5 26. Qb2 Nd6 27. Nd2 Re7
28. Qa3 Rd7 29. c4 Ne4 30. Nxe4 dxe4 31. d5 Bf8 32. Qa2 Bb4 33. Be2 Rc5 34. Qb1
Qc7 35. Bh2 Rd8 36. g4 Bc8 37. Qxe4 b5 38. g5 Bf5 39. Qg2 fxg5 40. e4 Bc8 41.
Qxg5 Qf7 1-0

[Event "North Wales Open"]
[Site "Llandudno"]
[Date "2017.07.02"]
[Round "4.5"]
[White "Rice, Clifford"]
[Black "Taylor, Robert Graham"]
[Result "1-0"]
[WhiteElo "1927"]
[BlackElo "1944"]
[PlyCount "87"]
[EventDate "2017.06.30"]
[EventType "swiss"]
[EventRounds "5"]
[EventCountry "WLS"]
[SourceDate "2017.07.09"]

1. e4 c5 2. Nf3 e6 3. c3 d6 4. Bc4 Nf6 5. d3 Be7 6. O-O O-O 7. Re1 Nc6 8. Bb3
Qc7 9. Bg5 a6 10. Nbd2 b5 11. Nf1 Bb7 12. Bc2 Rac8 13. Rc1 h6 14. Be3 Ng4 15.
Bf4 Nge5 16. Ne3 Ng6 17. Bg3 Qd8 18. d4 cxd4 19. cxd4 Nb4 20. Bb1 Rxc1 21. Qxc1
Qa8 22. a3 Nc6 23. Qd2 Rc8 24. Ng4 Rd8 25. h4 h5 26. Ngh2 e5 27. d5 Nb8 28. Ng5
Nd7 29. Rf1 Nf6 30. f4 exf4 31. Bxf4 Nxf4 32. Qxf4 Qa7+ 33. Kh1 Qd4 34. Nhf3
Qxb2 35. Qf5 Qe2 36. Re1 Qb2 37. Nxf7 Rf8 38. Qe6 Rxf7 39. Ng5 Qf2 40. Qxf7+
Kh8 41. Nf3 Ng4 42. Qe8+ Bf8 43. Qxf8+ Kh7 44. e5+ 1-0

[Event "North Wales Open"]
[Site "Llandudno"]
[Date "2017.07.02"]
[Round "4.6"]
[White "Schulte, Felix"]
[Black "Carroll, Thomas"]
[Result "0-1"]
[WhiteElo "2002"]
[BlackElo "1769"]
[PlyCount "118"]
[EventDate "2017.06.30"]
[EventType "swiss"]
[EventRounds "5"]
[EventCountry "WLS"]
[SourceDate "2017.07.09"]

1. d4 Nf6 2. c4 c5 3. d5 e6 4. Nc3 exd5 5. cxd5 d6 6. Nf3 g6 7. e4 Bg7 8. Nd2
Nbd7 9. Nc4 Nb6 10. Bf4 Nxc4 11. Bxc4 a6 12. a4 O-O 13. O-O Nh5 14. Be3 Re8 15.
Be2 Nf6 16. f3 Qc7 17. Rc1 Bd7 18. b4 b6 19. a5 b5 20. bxc5 dxc5 21. d6 Qc6 22.
Bf2 c4 23. f4 Nxe4 24. Nxe4 Qxe4 25. Bf3 Qxf4 26. Bxa8 Rxa8 27. Qd5 Rf8 28. Bc5
Qe5 29. Rcd1 Qxd5 30. Rxd5 Re8 31. Kf2 f5 32. Rfd1 Kf7 33. Bd4 Bf8 34. Bc3 Rc8
35. Ke2 Rc6 36. Bb4 Ke6 37. Kf2 c3 38. R5d3 c2 39. Re1+ Kf7 40. Rc3 Rxc3 41.
Bxc3 Bxd6 42. Bb2 b4 43. Ke3 b3 44. Kd3 Bb4 45. Ra1 Be6 46. Ra4 Bd6 47. Ra1 h5
48. h3 Bd5 49. Rg1 Bc5 50. Ra1 Ke6 51. Re1+ Kd6 52. Kc3 Bf2 53. Re2 Bg3 54. Bc1
Be5+ 55. Rxe5 Kxe5 56. g3 h4 57. gxh4 Ke4 58. Kd2 Kf3 59. h5 gxh5 0-1

[Event "North Wales Open"]
[Site "Llandudno"]
[Date "2017.07.02"]
[Round "4.7"]
[White "Mclaughlin, Noel S"]
[Black "Rahulan, Thivyaa"]
[Result "0-1"]
[WhiteElo "1996"]
[BlackElo "1623"]
[PlyCount "58"]
[EventDate "2017.06.30"]
[EventType "swiss"]
[EventRounds "5"]
[EventCountry "WLS"]
[SourceDate "2017.07.09"]

1. Nf3 f5 2. e4 fxe4 3. Ng5 e5 4. d4 d5 5. dxe5 c6 6. Be2 Be7 7. h4 Nh6 8. Bh5+
g6 9. Nxh7 gxh5 10. Bxh6 Rxh7 11. Qxh5+ Rf7 12. Nc3 Qd7 13. O-O-O Qg4 14. Qxg4
Bxg4 15. Rdf1 Nd7 16. f3 exf3 17. gxf3 Rxf3 18. Rfg1 Nxe5 19. Bg7 Bf6 20. Bxf6
Rxf6 21. Re1 Re6 22. Rhg1 Kd7 23. Rxe5 Rxe5 24. Rxg4 Rf8 25. b3 Re7 26. Na4 b6
27. Nc3 Rh7 28. Ne2 Rf1+ 29. Kb2 Rh1 0-1

[Event "North Wales Open"]
[Site "Llandudno"]
[Date "2017.07.02"]
[Round "4.8"]
[White "Bryant, Richard B E"]
[Black "Doran, Chris"]
[Result "1/2-1/2"]
[WhiteElo "1976"]
[BlackElo "1977"]
[PlyCount "69"]
[EventDate "2017.06.30"]
[EventType "swiss"]
[EventRounds "5"]
[EventCountry "WLS"]
[SourceDate "2017.07.09"]

1. e4 c5 2. Nc3 Nc6 3. g3 g6 4. Bg2 Bg7 5. d3 d6 6. Nh3 e6 7. f4 Nge7 8. O-O
O-O 9. Ne2 Nd4 10. c3 Nxe2+ 11. Qxe2 Rb8 12. Rd1 b5 13. d4 b4 14. Be3 bxc3 15.
bxc3 Qa5 16. Rac1 Ba6 17. Qf2 cxd4 18. Bxd4 Bxd4 19. Qxd4 Qb6 20. Nf2 Qxd4 21.
Rxd4 Rb6 22. Nd3 Rc8 23. Nb4 Bc4 24. Bf1 Bxf1 25. Kxf1 e5 26. fxe5 dxe5 27. Rd7
Rxb4 28. Rxe7 Rb2 29. c4 Rxh2 30. Kg1 Rxa2 31. c5 Rc6 32. Rxe5 f6 33. Re7 a5
34. Rd1 Rc8 35. Rdd7 1/2-1/2

[Event "North Wales Open"]
[Site "Llandudno"]
[Date "2017.07.02"]
[Round "4.9"]
[White "Robinson, John K"]
[Black "Cooke, Suzie G."]
[Result "1/2-1/2"]
[WhiteElo "2011"]
[BlackElo "1957"]
[PlyCount "71"]
[EventDate "2017.06.30"]
[EventType "swiss"]
[EventRounds "5"]
[EventCountry "WLS"]
[SourceDate "2017.07.09"]

1. d4 e6 2. c4 Nf6 3. Nf3 b6 4. g3 Bb7 5. Bg2 d5 6. Ne5 Bb4+ 7. Bd2 Bxd2+ 8.
Nxd2 O-O 9. O-O Nbd7 10. Nxd7 Qxd7 11. e3 Rac8 12. Nf3 Ba6 13. Ne5 Qe8 14. Qb3
Nd7 15. Nxd7 Bxc4 16. Qa3 Qxd7 17. Rfc1 a5 18. Bf1 Bxf1 19. Kxf1 Qb5+ 20. Kg1
c5 21. dxc5 Rxc5 22. Rxc5 Qxc5 23. Qxc5 bxc5 24. Rc1 Rc8 25. Kf1 Kf8 26. Rc3 c4
27. b3 Ke7 28. Ke2 Kd7 29. Kd2 e5 30. bxc4 dxc4 31. Rc2 Kd6 32. Kc3 Kc5 33. Rd2
Rc7 34. e4 f6 35. Rd5+ Kb6 36. a4 1/2-1/2

[Event "North Wales Open"]
[Site "Llandudno"]
[Date "2017.07.02"]
[Round "4.10"]
[White "Ridge, Michael"]
[Black "Waterfield, John W"]
[Result "1-0"]
[WhiteElo "1872"]
[BlackElo "1967"]
[PlyCount "49"]
[EventDate "2017.06.30"]
[EventType "swiss"]
[EventRounds "5"]
[EventCountry "WLS"]
[SourceDate "2017.07.09"]

1. c4 Nf6 2. Nc3 g6 3. e4 d6 4. d4 Bg7 5. Be2 O-O 6. f4 c5 7. Nf3 cxd4 8. Nxd4
Nc6 9. Be3 Qb6 10. Nc2 Qa5 11. O-O Bd7 12. Rb1 a6 13. Kh1 Rab8 14. b4 Qc7 15.
Qd2 b6 16. b5 axb5 17. cxb5 Na5 18. e5 dxe5 19. fxe5 Rfc8 20. exf6 Qxc3 21.
Qxd7 Qxc2 22. Rbc1 Qxe2 23. Rxc8+ Rxc8 24. Qxc8+ Bf8 25. fxe7 1-0

[Event "North Wales Open"]
[Site "Llandudno"]
[Date "2017.07.02"]
[Round "4.11"]
[White "Livesey, R Nigel"]
[Black "Best, Matthew"]
[Result "0-1"]
[WhiteElo "1814"]
[BlackElo "1900"]
[PlyCount "70"]
[EventDate "2017.06.30"]
[EventType "swiss"]
[EventRounds "5"]
[EventCountry "WLS"]
[SourceDate "2017.07.09"]

1. c4 c6 2. Nf3 Nf6 3. g3 d5 4. Bg2 dxc4 5. Qc2 b5 6. a4 Bb7 7. b3 cxb3 8. Qxb3
Qd5 9. Qc2 e6 10. Nc3 Qc5 11. Qd3 b4 12. Ne4 Nxe4 13. Qxe4 Nd7 14. Bb2 Nf6 15.
Bxf6 gxf6 16. O-O Qd5 17. Qc2 c5 18. a5 Qd6 19. a6 Bd5 20. Rfc1 f5 21. d4 c4
22. Qa4+ Bc6 23. Qa5 c3 24. e3 Be7 25. Ne1 Bxg2 26. Nxg2 O-O 27. Nf4 Rfc8 28.
Nd3 Rab8 29. Nc5 Qd5 30. Nb7 Qxa5 31. Nxa5 b3 32. Rab1 c2 33. Rxb3 Rxb3 34.
Nxb3 Ba3 35. Re1 c1=Q 0-1

[Event "North Wales Open"]
[Site "Llandudno"]
[Date "2017.07.02"]
[Round "5.2"]
[White "Hunt, Malcolm A"]
[Black "Surtees, Mike J"]
[Result "0-1"]
[WhiteElo "2040"]
[BlackElo "2084"]
[PlyCount "54"]
[EventDate "2017.06.30"]
[EventType "swiss"]
[EventRounds "5"]
[EventCountry "WLS"]
[SourceDate "2017.07.09"]

1. d4 e6 2. Nf3 c5 3. c3 Nf6 4. Bf4 Nh5 5. Bxb8 Rxb8 6. e3 f5 7. Bd3 Be7 8.
Nbd2 Nf6 9. e4 fxe4 10. Nxe4 cxd4 11. Nxd4 Nxe4 12. Qh5+ g6 13. Qe5 O-O 14.
Qxe4 Bf6 15. O-O-O d5 16. Qe2 e5 17. Nb3 Qb6 18. f3 Be6 19. h4 Rbc8 20. h5 g5
21. Rhe1 Rc6 22. g4 e4 23. fxe4 Bxc3 24. Rf1 Rxf1 25. Rxf1 Bxg4 26. Qxg4 Qe3+
27. Kc2 Bb4+ 0-1

[Event "North Wales Open"]
[Site "Llandudno"]
[Date "2017.07.02"]
[Round "5.3"]
[White "Carroll, Thomas"]
[Black "Rice, Clifford"]
[Result "1-0"]
[WhiteElo "1769"]
[BlackElo "1927"]
[PlyCount "79"]
[EventDate "2017.06.30"]
[EventType "swiss"]
[EventRounds "5"]
[EventCountry "WLS"]
[SourceDate "2017.07.09"]

1. d4 Nf6 2. Bg5 g6 3. Bxf6 exf6 4. e3 Bg7 5. g3 O-O 6. Bg2 c5 7. dxc5 Qa5+ 8.
Nc3 Qxc5 9. Nge2 f5 10. O-O Nc6 11. Qd5 Qb4 12. Rfe1 Qxb2 13. Rab1 Qa3 14. Rb3
Qe7 15. Nb5 Nb4 16. Qc4 Nxa2 17. Rbb1 Qe6 18. Bd5 Qa6 19. Qxa2 Qxa2 20. Bxa2 a6
21. Nd6 b5 22. Nf4 Be5 23. Red1 Bxd6 24. Rxd6 Bb7 25. Rbd1 Rac8 26. Bd5 Bxd5
27. Nxd5 Rxc2 28. Rxa6 Rb8 29. Rb6 Rxb6 30. Nxb6 Rc6 31. Nxd7 b4 32. Rb1 Rd6
33. Ne5 Rb6 34. Kf1 Kg7 35. Rb3 Kh6 36. Nxf7+ Kh5 37. Ne5 g5 38. Nd3 Kg4 39.
Kg2 f4 40. exf4 1-0

[Event "North Wales Open"]
[Site "Llandudno"]
[Date "2017.07.02"]
[Round "5.4"]
[White "Crocker, Philip J"]
[Black "Blackburn, Jonathan L B"]
[Result "1/2-1/2"]
[WhiteElo "2068"]
[BlackElo "2200"]
[PlyCount "20"]
[EventDate "2017.06.30"]
[EventType "swiss"]
[EventRounds "5"]
[EventCountry "WLS"]
[SourceDate "2017.07.09"]

1. c4 Nf6 2. g3 g6 3. Bg2 Bg7 4. Nc3 O-O 5. d3 d6 6. Bg5 c6 7. Qd2 Nbd7 8. e4
Rb8 9. Nge2 e5 10. O-O Nc5 1/2-1/2

[Event "North Wales Open"]
[Site "Llandudno"]
[Date "2017.07.02"]
[Round "5.6"]
[White "Doran, Chris"]
[Black "Ridge, Michael"]
[Result "1/2-1/2"]
[WhiteElo "1977"]
[BlackElo "1872"]
[PlyCount "26"]
[EventDate "2017.06.30"]
[EventType "swiss"]
[EventRounds "5"]
[EventCountry "WLS"]
[SourceDate "2017.07.09"]

1. e4 c5 2. Nf3 g6 3. d4 cxd4 4. Nxd4 Nc6 5. Be3 Nf6 6. Nc3 Bg7 7. Bc4 O-O 8.
Bb3 a5 9. f3 d5 10. Bxd5 Nxd5 11. exd5 Nb4 12. Nde2 Bf5 13. Rc1 b5 1/2-1/2

[Event "North Wales Open"]
[Site "Llandudno"]
[Date "2017.07.02"]
[Round "5.7"]
[White "Taylor, Robert Graham"]
[Black "Bryant, Richard B E"]
[Result "0-1"]
[WhiteElo "1944"]
[BlackElo "1976"]
[PlyCount "86"]
[EventDate "2017.06.30"]
[EventType "swiss"]
[EventRounds "5"]
[EventCountry "WLS"]
[SourceDate "2017.07.09"]

1. Nf3 d5 2. b3 e6 3. Bb2 f5 4. d3 Nf6 5. Nbd2 c6 6. g3 Bb4 7. Bg2 O-O 8. O-O
Bd7 9. c4 Be8 10. a3 Be7 11. Nd4 Bf7 12. e4 c5 13. Nc2 Nc6 14. cxd5 exd5 15.
exf5 Bh5 16. f3 Qb6 17. Kh1 Rad8 18. Rb1 d4 19. b4 cxb4 20. axb4 Bf7 21. Ba3
Qc7 22. b5 Ne5 23. Bxe7 Qxe7 24. Ne4 Nxe4 25. fxe4 Qc5 26. h3 Qc3 27. Ne1 Rc8
28. Rf2 Qc5 29. Nf3 h6 30. Kh2 Kh8 31. Nxe5 Qxe5 32. Qd2 Rc3 33. f6 g5 34. h4
Bg6 35. Rbf1 Qxb5 36. hxg5 Rxd3 37. Qa2 Qe5 38. Rf3 Rxf3 39. Bxf3 Qxg5 40. Qxa7
Qd2+ 41. Kh1 Qd3 42. Kg2 Bxe4 43. Qb6 Qe2+ 0-1

[Event "North Wales Open"]
[Site "Llandudno"]
[Date "2017.07.02"]
[Round "5.8"]
[White "Cooke, Suzie G."]
[Black "Camp, Imogen A L"]
[Result "1/2-1/2"]
[WhiteElo "1957"]
[BlackElo "1802"]
[PlyCount "175"]
[EventDate "2017.06.30"]
[EventType "swiss"]
[EventRounds "5"]
[EventCountry "WLS"]
[SourceDate "2017.07.09"]

1. d4 e6 2. Nf3 Nf6 3. Bf4 d5 4. e3 Bd6 5. Bg3 c5 6. c3 O-O 7. Bd3 Nc6 8. Nbd2
a6 9. a4 b6 10. O-O Bxg3 11. hxg3 Qc7 12. e4 cxd4 13. cxd4 Nb4 14. e5 Nxd3 15.
exf6 e5 16. fxg7 Kxg7 17. Nxe5 Nxe5 18. dxe5 Qxe5 19. Nf3 Qxb2 20. Qxd5 Be6 21.
Qg5+ Kh8 22. Rab1 Qg7 23. Rxb6 Rab8 24. Rfb1 Rxb6 25. Rxb6 Qa1+ 26. Kh2 Qxa4
27. Qh6 Kg8 28. Ng5 Bf5 29. Rxa6 Qc4 30. Qf6 Qg4 31. Nf3 Qh5+ 32. Nh4 Bg6 33.
Rd6 Re8 34. f4 Be4 35. Rd8 Bc6 36. Rxe8+ Bxe8 37. f5 h6 38. Kh3 Qg5 39. Qxg5+
hxg5 40. Nf3 Bd7 41. Kg4 f6 42. Nd4 Kf7 43. Kh5 Bc8 44. Kh6 Bb7 45. Nf3 g4 46.
Nh4 Ba6 47. Kh5 Be2 48. Ng6 Bd1 49. Nf4 Kg7 50. Ne6+ Kf7 51. Nf4 Kg7 52. Nd5
Be2 53. Ne3 Kf7 54. Nxg4 Kg7 55. Kh4 Bd3 56. Ne3 Be4 57. g4 Kh6 58. g3 Bf3 59.
Nc4 Bd5 60. Nd6 Bc6 61. Nc8 Bb7 62. Ne7 Be4 63. Nc8 Bb7 64. Nd6 Bc6 65. Kh3 Kg7
66. Kh2 Kh6 67. Nf7+ Kg7 68. Nd8 Bf3 69. Ne6+ Kh6 70. Kh3 Be4 71. g5+ fxg5 72.
g4 Bd5 73. Nd4 Kg7 74. Kg3 Kf6 75. Kf2 Ke5 76. Ke3 Ba2 77. Nf3+ Kf6 78. Nd2 Ke5
79. Ne4 Bb1 80. f6 Ke6 81. Nxg5+ Kxf6 82. Kf4 Bd3 83. Nf3 Be2 84. g5+ Kg7 85.
Ne5 Bh5 86. Kf5 Bd1 87. Nd7 Bc2+ 88. Ke6 1/2-1/2

[Event "North Wales Open"]
[Site "Llandudno"]
[Date "2017.07.02"]
[Round "5.10"]
[White "Waterfield, John W"]
[Black "Livesey, R Nigel"]
[Result "1-0"]
[WhiteElo "1967"]
[BlackElo "1814"]
[PlyCount "157"]
[EventDate "2017.06.30"]
[EventType "swiss"]
[EventRounds "5"]
[EventCountry "WLS"]
[SourceDate "2017.07.09"]

1. e4 c6 2. d4 d5 3. e5 h5 4. Nc3 g6 5. Be3 Nh6 6. Qd2 Nf5 7. Bg5 Bh6 8. Bxh6
Nxh6 9. Bd3 Bf5 10. Nge2 e6 11. h4 Nd7 12. O-O-O a6 13. Ng3 Bxd3 14. Qxd3 Qe7
15. Qd2 c5 16. dxc5 Nxc5 17. Qd4 O-O-O 18. Kb1 Kb8 19. b4 Nd7 20. b5 Rc8 21.
bxa6 Rc4 22. Nxd5 exd5 23. Qxd5 Qb4+ 24. Kc1 Qa3+ 25. Kd2 Qc3+ 26. Ke2 Qxe5+
27. Qxe5+ Nxe5 28. Rd5 Re8 29. Rb1 Rxc2+ 30. Kf1 Rc7 31. Ne4 Nc4 32. Nc5 Nd2+
33. Rxd2 Rxc5 34. axb7 Rc7 35. Rdb2 Ree7 36. g3 Rxb7 37. Kg2 Nf5 38. Kf3 Rxb2
39. Rxb2+ Rb7 40. Rd2 Rc7 41. Ke4 f6 42. Rd8+ Kb7 43. Rg8 Ne7 44. Rf8 Rc6 45.
Rf7 Re6+ 46. Kd3 Kc6 47. Rg7 Kc5 48. Kc3 Nd5+ 49. Kd2 f5 50. Ra7 Kb6 51. Rd7
Nf6 52. Rg7 Ne4+ 53. Ke3 Nc3+ 54. Kf4 Ne4 55. f3 Nd2 56. Rd7 Nc4 57. Rg7 Ne5
58. Rg8 Kc7 59. Rg7+ Kd6 60. a4 Kd5 61. Rb7 Rc6 62. Rb5+ Kd6 63. Kg5 Nxf3+ 64.
Kxg6 Ke7+ 65. Kxh5 Nd4 66. Rb4 Rd6 67. Kg5 Rd5 68. h5 Ne6+ 69. Kg6 Nf8+ 70. Kg7
Rd7 71. h6 Ke8+ 72. Kg8 Ne6 73. Rb8+ Ke7 74. h7 Rd4 75. h8=Q Rg4+ 76. Kh7 Ng5+
77. Kg6 Nf7+ 78. Kxf5 Rg5+ 79. Kf4 1-0